Score 0/30 Timer 04:00
10 Plays Today
Hint 4-Letter Word % Correct
Italy's shapeBOOT
97.1%
Single gambling machineSLOT
94.9%
To exhibitSHOW
94.8%
'The ___ heard round the world'SHOT
94.1%
Rorschach test uses an ink oneBLOT
92.5%
To detest or despiseHATE
91.2%
To possess or ownHAVE
90.8%
Bee abodeHIVE
90.7%
Rabbit cousinHARE
90.3%
To donate or presentGIVE
88.8%
To give employmentHIRE
88.5%
Mature female horseMARE
88.1%
Goods purchased in large amountsBULK
88.1%
Taurus's symbolBULL
87.1%
What distinguishes Simba from NalaMANE
78.9%
Hint 4-Letter Word % Correct
Blanchett of BabelCATE
78%
Animated dog movieBOLT
77.5%
A certain FinnHUCK
73.3%
David Hasselhoff, back in the dayHUNK
69%
Negative contractionCAN'T
68.9%
A 4th down optionPUNT
68%
1972 Prize Winner (Billiards at Half Past Nine)BӦLL
67.7%
1938 Prize Winner (The Good Earth)BUCK
67.6%
How furry animals regulate temperaturePANT
66.6%
Andrew Jackson's weapon of choiceCANE
64.8%
Gather's partnerHUNT
62.6%
1925 Prize Winner (Major Barbara)SHAW
37.1%
Cacher, en anglaisHIDE
26.8%
1947 Prize Winner (The Counterfeiters)GIDE
24.8%
1929 Prize Winner (Death in Venice)MANN
18.5%

Today's Daily Dose

Remove Ads.
Support Sporcle.
Get the best of Sporcle when you Go Orange. This ad-free experience offers more features, more stats, and more fun while also helping to support Sporcle. Thank you for becoming a member.

You're not logged in!

Compare scores with friends on all Sporcle quizzes.
OR
Log In

Show Comments

Extras

Top Quizzes Today


Score Distribution

Your Account Isn't Verified!

In order to create a playlist on Sporcle, you need to verify the email address you used during registration. Go to your Sporcle Settings to finish the process.

Report this User

Report this user for behavior that violates our Community Guidelines.

Details: